Normal view
MARC view
Entry Personal Name
001 - CONTROL NUMBER
- control field: 663
003 - CONTROL NUMBER IDENTIFIER
- control field: BD-RjUL
005 - DATE AND TIME OF LATEST TRANSACTION
- control field: 20220111163353.0
008 - FIXED-LENGTH DATA ELEMENTS
- fixed length control field: 220111|| aca||aabn | a|a d
040 ## - CATALOGING SOURCE
- Original cataloging agency: BD-RjUL
- Transcribing agency: BD-RjUL
100 ## - HEADING--PERSONAL NAME
- Personal name: Houtsma, M. Th.
- Fuller form of name: (Martijn Theodoor),
- Dates associated with a name: 1851-1943
670 ## - SOURCE DATA FOUND
- Source citation: Work cat.: (BD-RjUL)79156: Ibn Bībī, Nāṣir al-Dīn Ḥusayn ibn Muḥammad, -1284 or 1285 880-01 660, Histoire des Seldjoucides d'Asie Mineure d'après l'arbégé du Seldjouknāmeh d'Ibn-Bībī :, 1902.